Países com mais medalhas nos Jogos Olímpicos - Statistics

Estatísticas Gerais
  • Esse quiz foi jogado 581 vezes
  • A pontuação média é 34 de 42
Estatísticas das Respostas
Número de Medalhas País % Correto
108 BRASIL
99%
2295 ESTADOS UNIDOS
99%
474 CHINA
98%
1260 ALEMANHA/ALEMANHA ORIENTAL
97%
668 FRANÇA
97%
1535 RÚSSIA/URSS/CEI/IMPÉRIO RUSSO
97%
780 GRÃ-BRETANHA
96%
360 JAPÃO
96%
70 ARGENTINA
94%
278 CANADÁ
94%
131 ESPANHA
94%
550 ITÁLIA
94%
62 MÉXICO
94%
468 AUSTRÁLIA
92%
243 CORÉIA DO SUL
91%
483 SUÉCIA
88%
70 ÁFRICA DO SUL
86%
185 SUÍÇA
86%
110 GRÉCIA
84%
266 HOLANDA
84%
148 NORUEGA
84%
86 NOVA ZELÂNDIA
84%
139 BÉLGICA
81%
261 POLÔNIA
81%
302 FINLÂNDIA
80%
86 ÁUSTRIA
79%
208 CUBA
79%
67 JAMAICA
79%
170 DINAMARCA
78%
82 TURQUIA
77%
458 HUNGRIA
76%
116 UCRÂNIA
76%
292 ROMÊNIA
73%
212 BULGÁRIA
68%
48 IRÃ
66%
47 CORÉIA DO NORTE
65%
75 QUÊNIA
63%
38 ETIÓPIA
55%
52 CAZAQUISTÃO
54%
90 IUGOSLÁVIA
47%
143 TCHECOSLOVÁQUIA
39%
66 BIELORRÚSSIA
26%
Nenhum quiz correspondente encontrado
Distribuição das Pontuações
Porcentagem de Pessoas com Cada Pontuação
Percentil de Números Respondidos
Sua Pontuação Histórica
Você não jogou esse quiz